MBTA Bus Routes - Statistics

General Stats
  • This quiz has been taken 40 times
  • The average score is 55 of 152
Answer Stats
Route Number % Correct
Forest Hills - Back Bay 39
64%
Arlington Heights - Harvard 77
64%
South Station - Nubian SL4
64%
Watertown Yard - Kenmore 57
60%
Harvard - Reservoir 86
60%
South Station - Logan Airport SL1
60%
Harvard - Nubian via Massachusetts Avenue 1
56%
Woodlawn - Haymarket 111
56%
Ashmont - Ruggles via Talbot Avenue 22
56%
Ashmont - Ruggles via Washington Street 23
56%
Walpole Center - Forest Hills 34E
56%
Brighton Center - Downtown 501
56%
Chestnut Hill Mall - Kenmore 60
56%
Harvard - Nubian via Allston 66
56%
Harvard - Kendall/MIT 68
56%
City Point - Otis & Summer Streets, Financial District 7
56%
South Station - Chelsea SL3
56%
Roslindale Square - Heath Street 14
52%
Mattapan - Ruggles 28
52%
Mattapan - Forest Hills via Cummins Highway 30
52%
Mattapan - Forest Hills via Morton Street 31
52%
Dedham Mall - Forest Hills via Washington Street 34
52%
Harbor Point - Kenmore 8
52%
South Station - Design Center SL2
52%
Downtown Crossing - Nubian SL5
52%
South Station - Silver Line Way SLW
52%
Linden Square - Harvard 109
48%
City Point - Chauncy & Summer Streets, Financial District 11
48%
Wonderland - Maverick 116
48%
Forest Hills - Harbor Point or Andrew 16
48%
Fields Corner - Andrew 17
48%
Quincy Center - Ashmont via West Quincy 215
48%
Dedham Mall - Forest Hills via Stimson Street 35
48%
Millennium Park or VA Hospital - Forest Hills 36
48%
Reservoir - Forest Hills 51
48%
West Fenway - Copley 55
48%
Harvard - Lechmere 69
48%
City Point - Copley via Broadway 9
48%
Nubian - Logan Airport 171
44%
Ashmont - Forest Hills 21
44%
Wolcott Square - Forest Hills 32
44%
Wren Street - Forest Hills 38
44%
Forest Hills - Nubian 42
44%
Ruggles - Park & Tremont Streets, Beacon Hill 43
44%
Jackson Square - Ruggles 44
44%
Central - Broadway 47
44%
Watertown Yard - Downtown 504
44%
Waltham Center - Downtown 505
44%
Watertown Square - Harvard 71
44%
Cobbs Corner - Mattapan 716
44%
Waverley - Harvard 73
44%
Sullivan - Ruggles CT2
44%
City Point - Copley via Andrew 10
40%
Malden Center - Airport 104
40%
Wonderland - Wellington 110
40%
Orient Heights - Maverick 120
40%
Wood Island or Eagle Square - Maverick 121
40%
Fields Corner - Ruggles 15
40%
Fields Corner - Kenmore or Ruggles 19
40%
Baker & Vermont Streets, West Roxbury - Forest Hills 37
40%
Franklin Park - Ruggles 45
40%
Dedham Mall - Watertown Yard 52
40%
Hull - Hingham 714
40%
Arlmont Village - Harvard 78
40%
Clarendon Hill or Davis - Sullivan 89
40%
Davis - Assembly 90
40%
Sullivan - Downtown via Bunker Hill Street 93
40%
Medford Square - Davis 94
40%
West Medford or Arlington Center - Sullivan 95
40%
Malden Center - Sullivan via Winter Hill 101
36%
Reading Depot - Malden Center 137
36%
Ashmont - Andrew 18
36%
Quincy Center - Hingham 220
36%
Wakefield Avenue & Truman Parkway, Hyde Park - Ashmont 24
36%
Mattapan - Jackson Square 29
36%
North Burlington - Alewife 350
36%
Georgetowne - Forest Hills 40
36%
Centre & Eliot Streets, Jamaica Plain - JFK/UMass 41
36%
Central Square - Haymarket 426
36%
Marblehead - Wonderland via Humphrey Street 442
36%
Oak Square - Kendall/MIT 64
36%
Point Shirley - Orient Heights via Winthrop Center 713
36%
Lincoln Lab - Alewife 76
36%
Rindge Avenue - Central 83
36%
Sullivan - Central 91
36%
Sullivan - Downtown via Main Street 92
36%
Medford Square - Harvard 96
36%
Wellington - Wood Island 112
32%
Quincy Center - East Weymouth or Washington & Pleasant Streets, Weymouth 222
32%
Quincy Center - Montello 230
32%
River & Milton Streets, Hyde Park - Mattapan 33
32%
North Burlington - State Street 354
32%
North Station - Design Center 4
32%
Kennedy Drive, Malden or Jack Satter House - Malden Center 411
32%
Northgate - Central Square 429
32%
Marblehead - Wonderland via Paradise Road 441
32%
Salem Depot - Wonderland via Central Square 455
32%
Cleary Square - Forest Hills 50
32%
Bedford VA - Alewife 62
32%
Turkey Hill - Alewife 67
32%
Point Shirley - Orient Heights via Revere Street 712
32%
Arlington Center or Clarendon Hill - Lechmere via Somerville Avenue 87
32%
Clarendon Hill - Lechmere via Highland Avenue 88
32%
Beth Israel Deaconess Hospital- Andrew CT3
32%
Malden Center - Sullivan via Newland Street Housing 105
28%
Lebanon Street - Wellington 106
28%
Linden Square - Wellington 108
28%
Mystic Mall - Maverick 114
28%
Quincy Center - Fields Corner or North Quincy 210
28%
Bedford Woods Drive, Bedford - Third Avenue, Burlington 351
28%
Salem Depot - Haymarket 450
28%
Waltham Highlands - Newton Corner 556
28%
Riverside - Newton Corner 558
28%
Needham Junction - Watertown Square 59
28%
Market Place Drive or Cedarwood - University Park 70
28%
Belmont Center - Harvard via Huron Avenue 75
28%
Elm Street - Wellington 100
24%
Melrose Highlands - Malden Center 131
24%
Redstone - Malden Center 132
24%
North Woburn - Wellington 134
24%
Fields Corner Loop via Neponset Street 201
24%
Fields Corner Loop via Adams Street 202
24%
Quincy Center - Holbrook/Randolph 238
24%
Avon Square or Holbrook/Randolph - Ashmont Station 240
24%
North Beverly - Salem Depot 451
24%
Roberts - Newton Corner 553
24%
Brighton Center - Kenmore 65
24%
Belmont Center - Harvard via Concord Avenue 74
24%
Spring Hill - Kendall/MIT 85
24%
Woodland Road - Wellington 99
24%
Northgate - Beachmont 119
20%
Quincy Center - Houghs Neck 216
20%
Quincy Center - Ashmont via North Quincy 217
20%
Quincy Center - Mattapan 245
20%
Ashmont - Norfolk Street Loop 26
20%
Oaklandvale - Haymarket 428
20%
Saugus Center - Malden Center 430
20%
Nahant - Central Square or Wonderland 439
20%
Waverley - Newton Corner 554
20%
North Waltham - Waltham Center 61
20%
Malden Center - Wellington 97
20%
Arlington Center - Lechmere via Medford Hillside 80
16%
Quincy Center - Squantum 211
12%
Braintree - Columbian Square 226
12%
Eastern Avenue & Essex Street, Lynn - Wonderland 424
12%
Liberty Tree Mall - Central Square 436
12%
Salem Depot - Wonderland via Western Avenue 450W
12%
Salem Depot - Central Square 456
12%
Quincy Center Station - Weymouth Landing 225
8%
Quincy Center - South Shore Plaza 236
8%
Central Square - Wonderland 426W
8%
Salem - Central Square or Neptune Towers 435
8%
No matching quizzes found
Score Distribution
Percent of People with Each Score
Percentile by Number Answered
Your Score History
You have not taken this quiz